<?xml version="1.0" encoding="UTF-8"?>
<marc:record xmlns:marc="http://www.loc.gov/MARC21/slim">
   <marc:leader>00000nam a2200000 a 4500</marc:leader>
   <marc:datafield ind1="1" ind2=" " tag="100">
      <marc:subfield code="a">Kisch, Egon Erwin</marc:subfield>
      <marc:subfield code="4">aut</marc:subfield>
      <marc:subfield code="e">Verfasser/-in</marc:subfield>
   </marc:datafield>
   <marc:datafield ind1=" " ind2=" " tag="653">
      <marc:subfield code="a">Kisch</marc:subfield>
   </marc:datafield>
   <marc:datafield ind1=" " ind2=" " tag="653">
      <marc:subfield code="a">Egon Erwin</marc:subfield>
   </marc:datafield>
   <marc:datafield ind1=" " ind2=" " tag="653">
      <marc:subfield code="a">Geschichte 1914-1915</marc:subfield>
   </marc:datafield>
   <marc:datafield ind1=" " ind2=" " tag="653">
      <marc:subfield code="a">Weltkrieg</marc:subfield>
   </marc:datafield>
   <marc:datafield ind1=" " ind2=" " tag="653">
      <marc:subfield code="a">Softcover / Belletristik/Hauptwerk vor 1945</marc:subfield>
   </marc:datafield>
   <marc:datafield ind1=" " ind2=" " tag="653">
      <marc:subfield code="a">Tagebuch</marc:subfield>
   </marc:datafield>
   <marc:datafield ind1=" " ind2=" " tag="653">
      <marc:subfield code="a">Erlebnisbericht</marc:subfield>
   </marc:datafield>
   <marc:datafield ind1=" " ind2=" " tag="653">
      <marc:subfield code="a">Tagebuch 1914-1915</marc:subfield>
   </marc:datafield>
   <marc:datafield ind1="0" ind2="0" tag="245">
      <marc:subfield code="a">Schreib das auf, Kisch!</marc:subfield>
   </marc:datafield>
   <marc:datafield ind1="0" ind2="0" tag="245">
      <marc:subfield code="b">ein Kriegstagebuch</marc:subfield>
   </marc:datafield>
   <marc:datafield ind1=" " ind2="1" tag="264">
      <marc:subfield code="a">Berlin</marc:subfield>
      <marc:subfield code="b">Aufbau</marc:subfield>
      <marc:subfield code="c">2014</marc:subfield>
   </marc:datafield>
   <marc:datafield ind1="1" ind2=" " tag="490">
      <marc:subfield code="a">Es muss einer den Frieden beginnen</marc:subfield>
   </marc:datafield>
   <marc:datafield ind1=" " ind2=" " tag="250">
      <marc:subfield code="a">1. Aufl.</marc:subfield>
   </marc:datafield>
   <marc:datafield ind1="1" ind2=" " tag="520">
      <marc:subfield code="a">Angaben aus der Verlagsmeldung

Schreib das auf, Kisch! : Ein Kriegstagebuch Kisch. Schreib das auf. Kisch! / von Egon Erwin Kisch

"Kisch ist ein großartiger Dramaturg der Wirklichkeit." DER SPIEGEL

Die Geburtsstunde des "Rasenden Reporters": "Jeden Tag stenographiere ich meine Lebensweise und meine Gedanken, die Lebensweise und Gedanken von Hunderttausenden ... Die Kameraden spotten: 'Schreib das auf, Kisch!' Der Satz wird zur ständigen Redensart ... Kisch schreibt auf, wenn der letzte Hosenknopf abreißt, wenn das einzige Stück Seife in den Brunnen fällt, wenn Blut in den Essnapf spritzt. Manches schreibe ich auf, was ich als Journalist nicht gewusst hätte. Manches hätte ich als Journalist auch dann nicht geschrieben, wenn ich es gewusst hätte, denn es wäre mir zu belanglos erschienen. Manches schreibe ich auf, was ich als Journalist nicht hätte schreiben dürfen, die Zeitung nicht gedruckt hätte. Mein Tagebuch weiß und darf. Welch ein Unterschied zwischen ... einem Tag, den die Zeitung spiegelt, und einem Tag, im Schützengraben überlebt." EGON ERWIN KISCH

Von einem unbezwinglichen Drang des Beobachtens und Berichtens getrieben, geleitet von einem unvergleichlichen Gespür für die skurrilen wie die entlarvenden Momente im Kriegsalltag, schrieb Egon Erwin Kisch seine Erlebnisse als Soldat 1914/15 unmittelbar an der Front nieder, im Feldlager, im Schützengraben. Dieses unverhüllte, direkt dem Leben entnommene Bild des Krieges ist nicht zuletzt ein beeindruckendes Stück Literatur.
"Das Tagebuch eines bedeutenden Schriftstellers." HANS MAYER

Mit dem Bericht
"Ein Reporter wird Soldat"
</marc:subfield>
   </marc:datafield>
   <marc:datafield ind1=" " ind2=" " tag="020">
      <marc:subfield code="a">9783351035570</marc:subfield>
      <marc:subfield code="9">9783351035570</marc:subfield>
   </marc:datafield>
   <marc:datafield ind1=" " ind2=" " tag="020">
      <marc:subfield code="a">3351035578</marc:subfield>
      <marc:subfield code="9">3351035578</marc:subfield>
   </marc:datafield>
   <marc:datafield ind1=" " ind2=" " tag="041">
      <marc:subfield code="a">ger</marc:subfield>
   </marc:datafield>
   <marc:datafield ind1=" " ind2=" " tag="300">
      <marc:subfield code="a">317 S.</marc:subfield>
   </marc:datafield>
</marc:record>
